书目信息 |
| 题名: |
全图解
|
|
| 作者: | ;消防数字化教学研究中心 编著 | |
| 分册: | ||
| 出版信息: | 北京 机械工业出版社 2020.11 |
|
| 页数: | 154页 | |
| 开本: | 26cm | |
| 丛书名: | ||
| 单 册: | ||
| 中图分类: | TU892 | |
| 科图分类: | ||
| 主题词: | 建筑物--消防设备--图解 | |
| 电子资源: | ||
| ISBN: | 978-7-111-63395-2 | |
| 000 | 01104nam0 2200253 45 | |
| 001 | 012001001302 | |
| 005 | 20140913140155.0 | |
| 010 | @a978-7-111-63395-2@dCNY59.00 | |
| 100 | @a20191018d2019 em y0chiy50 ea | |
| 101 | 0 | @achi |
| 102 | @aCN@b110000 | |
| 105 | @aa z 000yy | |
| 106 | @ar | |
| 200 | 1 | @a全图解@Aquan tu jie@b专著@e消防工程常用设施三维图解@e交互版@f消防数字化教学研究中心编著 |
| 210 | @a北京@c机械工业出版社@d2020.11 | |
| 215 | @a154页@d26cm | |
| 300 | @a其他题名:消防工程常用设施三维图解 | |
| 330 | @a本书囊括了七个消防系统,分别是消防给水系统、消火栓系统、自动喷水灭火系统、气体灭火系统、火灾自动报警系统、建筑防烟排烟系统、建筑灭火器;共521个知识点,78个规范强制性条文,294张高清彩色图,涵盖七个系统大部分的考点,帮助考生在短期内理清思路,成功通过考试。 | |
| 517 | 1 | @a消防工程常用设施三维图解@Axiao fang gong cheng chang yong she shi san wei tu jie |
| 606 | 0 | @a建筑物@x消防设备@j图解 |
| 690 | @aTU892@v5 | |
| 711 | 02 | @a消防数字化教学研究中心@Axiao fang shu zi hua jiao xue yan jiu zhong xin@4编著 |
| 801 | 0 | @aCN@bBJSDL@c20211011 |
| 905 | @b1333841-4@dTU892@e1910@f4 | |
| 全图解:消防工程常用设施三维图解:交互版/消防数字化教学研究中心编著.-北京:机械工业出版社,2020.11 |
| 154页;26cm |
| 其他题名:消防工程常用设施三维图解 |
| ISBN 978-7-111-63395-2:CNY59.00 |
| 本书囊括了七个消防系统,分别是消防给水系统、消火栓系统、自动喷水灭火系统、气体灭火系统、火灾自动报警系统、建筑防烟排烟系统、建筑灭火器;共521个知识点,78个规范强制性条文,294张高清彩色图,涵盖七个系统大部分的考点,帮助考生在短期内理清思路,成功通过考试。 |
| ● |
| 相关链接 |
|
|
|
|
正题名:全图解
索取号:TU892/1910
 
预约/预借
| 序号 | 登录号 | 条形码 | 馆藏地/架位号 | 状态 | 备注 |
| 1 | 1333841 | 213338413 | 第二样本阅览室/ [索取号:TU892/1910] | 在馆 | |
| 2 | 1333842 | 213338422 | 第三借阅区/ [索取号:TU892/1910] | 在馆 | |
| 3 | 1333843 | 213338431 | 第三借阅区/ [索取号:TU892/1910] | 在馆 | |
| 4 | 1333844 | 213338440 | 第三借阅区/ [索取号:TU892/1910] | 在馆 |